Explaining participation in the informal economy: an institutional incongruence perspective /
Guardat en:
| Autor principal: | |
|---|---|
| Altres autors: | , |
| Format: | Llibre |
| Idioma: | English |
| Etiquetes: |
Afegir etiqueta
Sense etiquetes, Sigues el primer a etiquetar aquest registre!
|
MARC
| LEADER | 00000nam a22000007a 4500 | ||
|---|---|---|---|
| 003 | cru CIDCACS/IIS | ||
| 005 | 20180831161619.0 | ||
| 007 | ta | ||
| 008 | 180831t2015 sp |||p|r||||||0| ||eng|d | ||
| 999 | |c 41626 |d 41626 | ||
| 040 | |c cru CIDCACS/IIS | ||
| 100 | 1 | |9 7582 |a Williams, Colin C. | |
| 245 | 1 | |a Explaining participation in the informal economy: |b an institutional incongruence perspective / |c Colin C. Williams, Ioana A. Horodnic, Jan Windebank | |
| 300 | |a páginas 294-313: |b tablas | ||
| 700 | 1 | |9 7583 |a Horodnic, Ioana Alexandra | |
| 700 | 1 | |9 7584 |a Windebank, Jan | |
| 942 | |2 ddc |c PP | ||
| 773 | 0 | |0 40365 |9 2212 |a International Sociological Association, ISA |d Australia ; Los Angeles: ISA, SAGE Publications |o 18943 |t International Sociology Reviews/ |x 02685809 | |
